000 00906cam a2200277 a 4500
008
020 _a9780750641913 (hardback)
040 _aNUST
_cNUST
049 _aMAIN
090 _aTH1421
_bWAR
100 1 _aWarren, John.,
_aauthor.
245 1 0 _aConservation of earth structures /
_cJohn Warren.
260 _aOxford ;
_aBoston :
_bButterworth-Heinemann,
_c1999.
300 _axxiii, 198 pages :
_billustrations ;
_c25 cm.
336 _atext
_btxt
_2rdacontent
337 _aunmediated
_bn
_2rdamedia
338 _avolume
_bnc
_2rdacarrier
440 0 _aButterworth-Heinemann series in conservation and museology.
504 _aIncludes index.
650 0 _aEarth construction.
650 0 _aArchitecture
_xConservation and restoration.
907 _a.b10166865
_b31-03-22
_c01-07-05
003
005 20230120193600.0
942 _cBOOKS
_kTH1421
_mWAR
999 _c101685
_d101685